000 00528nam a2200229Ia 4500
003 OSt
005 20220918200254.0
006 a|||||r|||| 00| 0
007 ta
008 220917b |||||||| |||| 00| 0 eng d
024 _a88,099
037 _cTextual
040 _aARTS
_cARTS
_beng
041 _2eng
_aeng
082 _aU:5, K4
100 _aRobinson H
_993349
245 0 _aWestern Europe
260 _c1964
650 _aGEOGRAPHY
942 _hU:5, K4
_cTEXL
_2CC
999 _c211789
_d211789